| 000 | 00718nam a22001937a 4500 | ||
|---|---|---|---|
| 999 |
_c18599 _d18599 |
||
| 008 | 231213b ||||| |||| 00| 0 eng d | ||
| 020 | _a9781119820512 | ||
| 082 |
_22022 _aDC 515.35 _bB692 |
||
| 100 |
_aBoyce, William E. _931464 |
||
| 245 |
_aElementary differential equations and boundary value problems / _cWilliam E. Boyce, Richard C. DiPrima, and Douglas B. Meade. |
||
| 250 | _aTwelfth edition. | ||
| 260 |
_aSingapore : _bJohn Wiley & Sons, _c©2022. |
||
| 300 |
_axvi, 719 pages : _bcolor illustrations ; _c27 cm. |
||
| 500 | _aIncludes index. | ||
| 650 |
_aDifferential equations. _950646 |
||
| 700 |
_aDiPrima, Richard C. _eauthor. _931467 |
||
| 700 |
_aMeade, Douglas B. _eauthor. _931468 |
||
| 942 |
_2ddc _cDC |
||